| 000 | 00670cas a22002295a 4500 | ||
|---|---|---|---|
| 001 | L224 | ||
| 008 | 070627d19862000nz qr p 0 a0eng | ||
| 022 | 1 | _a0113-0315 | |
| 035 | _a(Sirsi) u98866 | ||
| 041 | 0 | _aeng | |
| 110 | 2 |
_aNew Zealand Institute of Valuers _91111 |
|
| 245 | 0 | 0 | _aNew Zealand Valuers' Journal |
| 260 |
_aWellington _bNew Zealand Institute of Valuers _c1986-2000 |
||
| 362 | _a27(1) June 1986-July 2000 | ||
| 554 | _aFour per year | ||
| 651 | 4 | _aNew Zealand | |
| 690 | _aPROPERTY-PROPERTY APPRAISAL AND VALUATION | ||
| 780 | 0 | 0 | _tNew Zealand Valuer |
| 785 | 0 | 0 |
_tNew Zealand Property Journal _x1175-8171 |
| 942 | _n0 | ||
| 948 | _c19/07/1994 | ||
| 999 |
_c118550 _d118550 |
||